[Event "South America-ch U14 16th"]
[Site "Buenos Aires"]
[Date "2019.12.05"]
[Round "7.9"]
[White "De Singlau, Lautaro"]
[Black "Canaza Capacuti, Frank Renato"]
[Result "0-1"]
[WhiteElo "1455"]
[BlackElo "1818"]
[PlyCount "38"]
[EventDate "2019.12.01"]
[EventType "swiss"]
[EventRounds "9"]
[EventCountry "ARG"]
[SourceTitle "EXT 2024"]
[Source "ChessBase"]
[SourceDate "2023.10.10"]
[SourceVersion "1"]
[SourceVersionDate "2023.10.10"]
[SourceQuality "1"]

1. c4 e5 2. Nc3 Nf6 3. g3 d5 4. cxd5 Nxd5 5. Bg2 Nb6 6. d3 Nc6 7. Nf3 Be7 8. 0-0 Be6 9. Be3 0-0 10. a3 Qd7 11. Ng5 Bxg5 12. Bxg5 f5 13. Bd2 Nd4 14. b4 Bb3 15. Qb1 Qf7 16. Qb2 f4 17. e3 f3 18. exd4 fxg2 19. Rfb1 Qxf2# 0-1

[Event "South America-ch U14 16th"]
[Site "Buenos Aires"]
[Date "2019.12.03"]
[Round "4.10"]
[White "Canaza Capacuti, Frank Renato"]
[Black "Vera Quijon, Benjamin Ignacio"]
[Result "1-0"]
[WhiteElo "1818"]
[BlackElo "1661"]
[PlyCount "97"]
[EventDate "2019.12.01"]
[EventType "swiss"]
[EventRounds "9"]
[EventCountry "ARG"]
[SourceTitle "EXT 2024"]
[Source "ChessBase"]
[SourceDate "2023.10.10"]
[SourceVersion "1"]
[SourceVersionDate "2023.10.10"]
[SourceQuality "1"]

1. e4 c5 2. Nf3 e6 3. d4 cxd4 4. Nxd4 a6 5. c4 Qc7 6. Nc3 Nf6 7. Be2 Be7 8. 0-0 d6 9. Kh1 Nbd7 10. Be3 b6 11. a4 Bb7 12. f3 0-0 13. Qd2 Rac8 14. Rfc1 Rfe8 15. Qe1 Qb8 16. Qf2 Bd8 17. b4 Bc7 18. g3 Qa8 19. Kg2 d5 20. cxd5 exd5 21. exd5 Nxd5 22. Nxd5 Bxd5 23. b5 Nf6 24. Kg1 Bd6 25. Nf5 Bc5 26. Bxc5 Rxc5 27. Rxc5 bxc5 28. Rc1 c4 29. Nd6 Rb8 30. Nxc4 axb5 31. Nb6 Qa5 32. Nxd5 Nxd5 33. Qc5 Nb6 34. axb5 g6 35. Qd4 Qa3 36. Rc6 Na4 37. Rc7 Nb2 38. Rd7 Qb3 39. Rd8+ Rxd8 40. Qxd8+ Kg7 41. Qd4+ Kg8 42. b6 Na4 43. b7 Qxb7 44. Qxa4 Qe7 45. Qe4 Qa7+ 46. Kg2 Qc7 47. Bc4 h6 48. Qxg6+ Kf8 49. Qxf7+ 1-0

[Event "Moquegua Ilo GP"]
[Site "Moquegua Ilo"]
[Date "2017.11.03"]
[Round "4"]
[White "Caballero Quijano, Mitzy Mishell"]
[Black "Canaza Capacuti, Frank Renato"]
[Result "1-0"]
[WhiteElo "2074"]
[BlackElo "1692"]
[PlyCount "58"]
[EventDate "2017.11.01"]
[EventType "swiss"]
[EventRounds "8"]
[EventCountry "PER"]
[SourceTitle "CBM 181 Extra"]
[Source "ChessBase"]
[SourceDate "2017.12.12"]
[SourceVersion "1"]
[SourceVersionDate "2017.12.12"]
[SourceQuality "1"]

1. d4 Nf6 2. Nf3 d5 3. c4 e6 4. g3 Bb4+ 5. Nbd2 0-0 6. Bg2 Nbd7 7. 0-0 b6 8. cxd5 exd5 9. Ne5 Bb7 10. Ndf3 Bd6 11. Bg5 Be7 12. Rc1 h6 13. Nxd7 Qxd7 14. Ne5 Qd8 15. Bf4 Bd6 16. Nc6 Bxc6 17. Rxc6 Bxf4 18. gxf4 Qd7 19. Qc2 Rac8 20. Rc1 Rfe8 21. Qd3 Qg4 22. e3 Re7 23. h3 Qd7 24. Qa6 Qd8 25. a3 Ra8 26. Qb7 Ne8 27. Qa6 Nf6 28. b4 Qc8 29. Qxc8+ Rxc8 1-0

[Event "South American-ch U12"]
[Site "Santiago de Chile"]
[Date "2016.12.02"]
[Round "2.12"]
[White "Sanchez Su, Ian Rodrigo"]
[Black "Canaza Capacuti, Frank Renato"]
[Result "0-1"]
[WhiteElo "1417"]
[BlackElo "1653"]
[PlyCount "58"]
[EventDate "2016.12.01"]
[EventType "swiss"]
[EventRounds "9"]
[EventCountry "CHI"]
[SourceTitle "EXT 2022"]
[Source "ChessBase"]
[SourceDate "2021.10.06"]
[SourceVersion "1"]
[SourceVersionDate "2021.10.06"]
[SourceQuality "1"]

1. e4 c6 2. d4 d5 3. exd5 cxd5 4. c4 Nf6 5. Nc3 Nc6 6. Nf3 Bg4 7. Be3 e6 8. c5 Be7 9. h3 Bh5 10. Bb5 0-0 11. a3 a6 12. Ba4 b5 13. Bc2 Qc7 14. b4 Rad8 15. Ne2 e5 16. Bg5 h6 17. Be3 Rfe8 18. Ng3 exd4 19. Nxh5 dxe3 20. Qd3 exf2+ 21. Kxf2 Ne4+ 22. Kg1 g6 23. Qe3 gxh5 24. Qxh6 Qg3 25. Qxh5 Qg6 26. Qxg6+ fxg6 27. Rd1 Bf6 28. Rxd5 Rxd5 29. Bxe4 Rxe4 0-1

[Event "South America-ch U10 12th"]
[Site "Santa Cruz"]
[Date "2015.12.05"]
[Round "5"]
[White "Canaza Capacuti, Frank Renato"]
[Black "Perez Rivero, Juan Jose"]
[Result "1/2-1/2"]
[WhiteElo "1543"]
[BlackElo "1663"]
[PlyCount "32"]
[EventDate "2015.12.02"]
[EventType "swiss"]
[EventRounds "9"]
[EventCountry "BOL"]
[SourceTitle "CBM 170 Extra"]
[Source "ChessBase"]
[SourceDate "2016.02.25"]
[SourceVersion "1"]
[SourceVersionDate "2016.02.25"]
[SourceQuality "1"]

1. e4 c5 2. Nf3 d6 3. d4 cxd4 4. Nxd4 Nf6 5. Nc3 a6 6. f3 e6 7. Be3 Be7 8. Bd3 Nbd7 9. 0-0 0-0 10. Qd2 Nc5 11. Rae1 Qc7 12. Qe2 b5 13. a3 Bb7 14. Bf2 Rfe8 15. Rd1 Rad8 16. Rfe1 Qd7 1/2-1/2

[Event "South America-ch U10 12th"]
[Site "Santa Cruz"]
[Date "2015.12.05"]
[Round "6"]
[White "Chiappero, Julio Alfredo"]
[Black "Canaza Capacuti, Frank Renato"]
[Result "0-1"]
[WhiteElo "1428"]
[BlackElo "1543"]
[PlyCount "58"]
[EventDate "2015.12.02"]
[EventType "swiss"]
[EventRounds "9"]
[EventCountry "BOL"]
[SourceTitle "CBM 170 Extra"]
[Source "ChessBase"]
[SourceDate "2016.02.25"]
[SourceVersion "1"]
[SourceVersionDate "2016.02.25"]
[SourceQuality "1"]

1. e4 c5 2. Nf3 d6 3. d4 cxd4 4. Nxd4 Nc6 5. Nc3 Nf6 6. f3 e6 7. Be3 a6 8. Qd2 Be7 9. 0-0-0 Bd7 10. g4 b5 11. Nxc6 Bxc6 12. h4 Qc7 13. Ne2 e5 14. h5 Rc8 15. g5 Nxe4 16. fxe4 Bxe4 17. c3 Bxh1 18. Bh3 Bf3 19. Bxc8 Qxc8 20. h6 g6 21. Rf1 Bxe2 22. Qxe2 Qc4 23. Qf3 0-0 24. Rd1 Qc7 25. Rf1 b4 26. Kc2 bxc3 27. bxc3 Qc4 28. Rb1 e4 29. Qf4 Qd3+ 0-1

[Event "South America-ch U10 12th"]
[Site "Santa Cruz"]
[Date "2015.12.03"]
[Round "3"]
[White "Canaza Capacuti, Frank Renato"]
[Black "Correa Garma, Sebastian"]
[Result "1-0"]
[WhiteElo "1543"]
[BlackElo "1268"]
[PlyCount "115"]
[EventDate "2015.12.02"]
[EventType "swiss"]
[EventRounds "9"]
[EventCountry "BOL"]
[SourceTitle "CBM 170 Extra"]
[Source "ChessBase"]
[SourceDate "2016.02.25"]
[SourceVersion "1"]
[SourceVersionDate "2016.02.25"]
[SourceQuality "1"]

1. e4 e5 2. Nf3 d6 3. d4 exd4 4. Nxd4 Nc6 5. Nc3 Nf6 6. Bb5 Bd7 7. 0-0 a6 8. Bxc6 Bxc6 9. Nxc6 bxc6 10. Bg5 h6 11. Bh4 Be7 12. Re1 0-0 13. Bg3 Nd7 14. Qg4 Rb8 15. Rab1 Bf6 16. Bf4 Ne5 17. Bxe5 Bxe5 18. Red1 Rb7 19. f4 Bf6 20. e5 Qc8 21. Qxc8 Rxc8 22. exf6 gxf6 23. Kf2 d5 24. b3 f5 25. Rd2 Rd8 26. Rbd1 h5 27. Ne2 Rd7 28. Nd4 c5 29. Nxf5 d4 30. c3 f6 31. cxd4 cxd4 32. Rxd4 Rxd4 33. Rxd4 Rb8 34. Rd7 c5 35. Rc7 Rb5 36. Nd6 Rb6 37. Nc8 Rb5 38. Nd6 Rb6 39. Nc8 Rb5 40. Na7 Ra5 41. a4 Kf8 42. Nc6 Rb5 43. axb5 axb5 44. Na7 c4 45. bxc4 bxc4 46. Rxc4 Kg7 47. Kg3 Kg6 48. Rc5 f5 49. Kh4 Kh6 50. Rxf5 Kg6 51. g4 hxg4 52. Kxg4 Kh6 53. Rg5 Kh7 54. Kf5 Kh8 55. Kf6 Kh7 56. Rh5+ Kg8 57. Rh6 Kf8 58. Rh8# 1-0

[Event "South America-ch U10 12th"]
[Site "Santa Cruz"]
[Date "2015.12.03"]
[Round "2"]
[White "Sifuentes Alcantara, Jhony Sebastian"]
[Black "Canaza Capacuti, Frank Renato"]
[Result "0-1"]
[WhiteElo "1024"]
[BlackElo "1543"]
[PlyCount "118"]
[EventDate "2015.12.02"]
[EventType "swiss"]
[EventRounds "9"]
[EventCountry "BOL"]
[SourceTitle "CBM 170 Extra"]
[Source "ChessBase"]
[SourceDate "2016.02.25"]
[SourceVersion "1"]
[SourceVersionDate "2016.02.25"]
[SourceQuality "1"]

1. d4 Nf6 2. Nf3 e6 3. Bf4 c5 4. c3 Nc6 5. e3 Be7 6. Be2 0-0 7. 0-0 cxd4 8. exd4 d5 9. c4 dxc4 10. Bxc4 Qb6 11. Qd2 Rd8 12. Rd1 Qb4 13. Qxb4 Nxb4 14. Nc3 b6 15. a3 Nbd5 16. Be5 Nxc3 17. bxc3 Bb7 18. Rd3 Ng4 19. Bg3 Rac8 20. Bb3 Ba6 21. Rd2 Rxc3 22. Rb2 Bb7 23. Ne5 Nxe5 24. dxe5 Rdd3 25. Bc2 Rxa3 26. Raa2 Rdc3 27. Bf4 Rxa2 28. Rxa2 Ra3 29. Rxa3 Bxa3 30. Kf1 h6 31. h4 Kf8 32. Ke2 Ke7 33. Kd3 Bxg2 34. Kc4 Bc5 35. Be3 Bxe3 36. fxe3 Bc6 37. Kb4 a5+ 38. Ka3 b5 39. h5 Bf3 40. Bd3 b4+ 41. Ka4 Bxh5 42. Kxa5 b3 43. Kb4 Bd1 44. Kc3 Bc2 45. Bxc2 bxc2 46. Kxc2 f6 47. exf6+ Kxf6 48. Kd3 Kf5 49. e4+ Kf4 50. Ke2 Kxe4 51. Kf2 Kd3 52. Kg3 e5 53. Kg4 e4 54. Kg3 e3 55. Kf3 e2 56. Kg2 e1Q 57. Kh3 Qg1 58. Kh4 Ke3 59. Kh5 Qg5# 0-1